000
00241nam a2200109Ia 4500
005
20251222144703.0
008
251222s9999||||xx |||||||||||||| ||spa||
082
_a
577.27/P48
245
0
_a
Madre Tierra:
264
_b
PETROPERÚ
942
_c
LIB
999
_c
17520
_d
17520